Ipswich Town Players 2025–26 - Statistics

General Stats
  • This quiz has been taken 272 times
  • The average score is 26 of 32
Answer Stats
# Player % Correct
9 George Hirst
99%
3 Leif Davis
99%
4 Cédric Kipré
98%
28 Christian Walton
98%
26 © Dara O'Shea
98%
47 Jack Clarke
98%
1 Alex Palmer
96%
24 Jacob Greaves
96%
11 Jaden Philogene
96%
31 Iván Azón
95%
7 Wes Burns
95%
14 Jack Taylor
94%
32 Marcelino Núñez
91%
19 Darnell Furlong
89%
12 Jens Cajuste
89%
20 Kasey McAteer
89%
18 Ben Johnson
88%
29 Chuba Akpom
88%
5 Azor Matusiwa
87%
8 Sindre Walle Egeli
86%
6² Dan Neil
85%
10 Conor Chaplin
84%
33² Anis Mehmeti
80%
25 Elkan Baggott
76%
15 Ashley Young
75%
30 Cameron Humphreys
71%
23 Sammie Szmodics
63%
6¹ Luke Woolfenden
55%
33¹ Nathan Broadhead
51%
16 Ali Al-Hamadi
47%
21 Chiedozie Ogbene
44%
35 Fin Barbrook
32%
No matching quizzes found
Score Distribution
Percent of People with Each Score
Percentile by Number Answered
Your Score History
You have not taken this quiz